000 00766nam a22002657a 4500
001 BR6100225
003 BR-BrBNA
005 20230928083356.0
007 ta
008 230509b bl.||||| |||| 00| 0 por d
040 _aBR-BrBNA
_bpor
_cBiblioteca Nacional de Agricultura
041 _a(Por)
072 _aA50
_b/G514
090 _ A50 BR6100225
110 1 _aInstituto Nacional de Pesquisas da Amazonia, Manaus, AM (Brasil)
245 1 _aInstituto Nacional de Pesquisas da Amazonia (I.N.P.A.)1954-1961 [Brasil]
260 3 _aManaus, AM (Brasil):
_c1961.
300 _a50 p.
500 _a10 illus.
650 _aINSTITUICAO DE PESQUISA
650 _aPROGRAMA DE PESQUISA
650 _aAMAZONAS
909 _a202309
_bLucia
_c55
_dLucia Elande
942 _cBK
999 _c13120
_d13120